| 000 | 00355 a2200169 4500 | ||
|---|---|---|---|
| 001 | 56765 | ||
| 020 | _a8516002543 | ||
| 040 | _cAnchieta - Pituba | ||
| 100 | _aKupstas, Marcia | ||
| 240 | 1 | 0 |
_aO primeiro beijo _lpor |
| 245 | 1 | 0 | _aO primeiro beijo |
| 300 | _a47 | ||
| 362 | 0 | _a1997 | |
| 440 | 1 | _aModerna | |
| 650 | 4 | _aLiteratura juvenil | |
| 942 | _cBK | ||
| 999 |
_c56765 _d56765 |
||